000 00625nam a2200193Ia 4500
003 GCL
008 140319s9999 xx 000 0 ara d
020 _a6464029957
040 _aGCL /
_cGCL
082 0 4 _a371.92
_bم ت
100 1 _aماجدة السيد عبيد
245 1 0 _aتعليم الاطفال المتخلفين عقليا /
_cماجدة السيد عبيد
260 _aالاردن :
_bدار صفاء للنشر والتوزيع ،
_c2001
300 _a248 ص ؛
_c24 سم
650 0 4 _aتعليم الاطفال
650 0 4 _aالمعوقون
650 0 4 _aالتعليم الخاص
942 _2ddc
_cBK
999 _c2035
_d2035